| 000 | 00842nas a2200277 4500 | ||
|---|---|---|---|
| 001 | BR9501382 | ||
| 003 | BR-BrBNA | ||
| 005 | 20231205093916.0 | ||
| 007 | ta | ||
| 008 | 230509b bl.|||p| |||| 00| 00por d | ||
| 040 |
_aBR-BrBNA _bpor _cBiblioteca Nacional de Agricultura |
||
| 041 | _a(Pt) | ||
| 072 | _aH20; F30 | ||
| 100 | 1 | _aCordeiro, Z.J.M. | |
| 100 | 1 | _aShepherd, K. | |
| 100 | 1 | _aSoares Filho, W. dos S. | |
| 100 | 1 | _aDantas, J.L.L. | |
| 245 | 1 | _aAvaliacao de resistencia ao mal-do-panama em hibridos tetraploides de bananeira | |
| 650 | _aBanana Maca | ||
| 650 | _aMal do Panama | ||
| 650 | _aFusariose | ||
| 650 | _aVariedade Resistente | ||
| 773 | 0 |
_tFitopatologia Brasileira (Brazil) _xISSN 0100-4158 _g(Dec 1993), v. 18(4) p. 478-483 _wBR9501382 |
|
| 909 |
_a202311 _bLúcia _c55 _dLúcia Elande |
||
| 942 |
_2AGRIS _n0 _cANA |
||
| 999 |
_c141036 _d141036 |
||